[Event "OPEN DE MENTON 2023"]
[Site "Palais de l'europe Menton, France"]
[Date "2023.10.27"]
[Round "7.2"]
[White "Marlies, BENSDORP-DE LABACA 2212"]
[Black "Matteo, RATIER-FONTANA 1931"]
[Result "1/2-1/2"]
[TimeControl "90'+30\"/ 40m + 30' +30\""]
[WhiteTitle "WIM"]
[WhiteElo "2212"]
[BlackElo "1931"]

1. d4 {[%clk 01:30:57]} {[%emt 00:00:02]} Nf6 {[%clk 01:22:23]} {[%emt
00:08:38]} 2. c4 {[%clk 01:31:21]} {[%emt 00:00:06]} c5 {[%clk 01:22:50]}
{[%emt 00:00:04]} 3. d5 {[%clk 01:31:46]} {[%emt 00:00:04]} b5 {[%clk
01:23:18]} {[%emt 00:00:03]} 4. Nd2 {[%clk 01:32:11]} {[%emt 00:00:05]} bxc4
{[%clk 01:23:04]} {[%emt 00:00:44]} 5. e4 {[%clk 01:32:34]} {[%emt 00:00:06]}
d6 {[%clk 01:23:30]} {[%emt 00:00:04]} 6. Bxc4 {[%clk 01:32:36]} {[%emt
00:00:28]} g6 {[%clk 01:23:13]} {[%emt 00:00:47]} 7. b3 {[%clk 01:32:55]}
{[%emt 00:00:11]} Bg7 {[%clk 01:23:11]} {[%emt 00:00:32]} 8. Bb2 {[%clk
01:33:16]} {[%emt 00:00:08]} O-O {[%clk 01:23:20]} {[%emt 00:00:22]} 9. Ne2
{[%clk 01:30:08]} {[%emt 00:03:38]} Nbd7 {[%clk 01:21:19]} {[%emt 00:02:31]} 10.
O-O {[%clk 01:30:04]} {[%emt 00:00:34]} Nb6 {[%clk 01:20:36]} {[%emt 00:01:14]}
11. Qc2 {[%clk 01:20:39]} {[%emt 00:09:55]} e6 {[%clk 01:14:56]} {[%emt
00:06:10]} 12. Nc3 {[%clk 01:10:33]} {[%emt 00:10:35]} exd5 {[%clk 01:09:54]}
{[%emt 00:05:33]} 13. Nxd5 {[%clk 01:02:56]} {[%emt 00:08:07]} Nbxd5 {[%clk
01:04:29]} {[%emt 00:05:55]} 14. exd5 {[%clk 01:00:55]} {[%emt 00:02:31]} Bf5
{[%clk 01:01:16]} {[%emt 00:03:43]} 15. Qc1 {[%clk 00:52:59]} {[%emt 00:08:26]}
Qd7 {[%clk 00:57:31]} {[%emt 00:04:15]} 16. Rd1 {[%clk 00:50:02]} {[%emt
00:03:27]} Rfe8 {[%clk 00:52:30]} {[%emt 00:05:31]} 17. Nf1 {[%clk 00:49:28]}
{[%emt 00:01:04]} h5 {[%clk 00:50:45]} {[%emt 00:02:16]} 18. Bc3 {[%clk
00:47:34]} {[%emt 00:02:24]} h4 {[%clk 00:47:56]} {[%emt 00:03:19]} 19. Qb2
{[%clk 00:45:41]} {[%emt 00:02:22]} Nh5 {[%clk 00:47:53]} {[%emt 00:00:33]} 20.
Bxg7 {[%clk 00:45:38]} {[%emt 00:00:33]} Nxg7 {[%clk 00:48:16]} {[%emt
00:00:07]} 21. f3 {[%clk 00:44:34]} {[%emt 00:01:34]} Qd8 {[%clk 00:46:26]}
{[%emt 00:02:21]} 22. Rac1 {[%clk 00:40:54]} {[%emt 00:04:10]} Nh5 {[%clk
00:42:09]} {[%emt 00:04:46]} 23. Bb5 {[%clk 00:40:22]} {[%emt 00:01:02]} Bd7
{[%clk 00:38:26]} {[%emt 00:04:13]} 24. Bxd7 {[%clk 00:38:57]} {[%emt
00:01:56]} Qxd7 {[%clk 00:38:50]} {[%emt 00:00:06]} 25. Rc4 {[%clk 00:39:24]}
{[%emt 00:00:03]} Qe7 {[%clk 00:31:44]} {[%emt 00:07:36]} 26. Re4 {[%clk
00:38:00]} {[%emt 00:01:54]} Qf6 {[%clk 00:30:42]} {[%emt 00:01:33]} 27. Qxf6
{[%clk 00:36:05]} {[%emt 00:02:25]} Nxf6 {[%clk 00:31:05]} {[%emt 00:00:07]} 28.
Rxh4 {[%clk 00:28:29]} {[%emt 00:08:07]} Re5 {[%clk 00:31:30]} {[%emt
00:00:05]} 29. Ra4 {[%clk 00:27:37]} {[%emt 00:01:21]} Rxd5 {[%clk 00:28:55]}
{[%emt 00:03:06]} 30. Rxd5 {[%clk 00:23:36]} {[%emt 00:04:32]} Nxd5 {[%clk
00:29:18]} {[%emt 00:00:06]} 31. Ra6 {[%clk 00:24:00]} {[%emt 00:00:05]} Nb4
{[%clk 00:29:36]} {[%emt 00:00:13]} 32. Rxd6 {[%clk 00:23:20]} {[%emt
00:01:10]} Nxa2 {[%clk 00:30:02]} {[%emt 00:00:04]} 33. Rc6 {[%clk 00:22:21]}
{[%emt 00:01:28]} Nc1 {[%clk 00:30:13]} {[%emt 00:00:19]} 34. Nd2 {[%clk
00:19:26]} {[%emt 00:03:24]} Rd8 {[%clk 00:30:40]} {[%emt 00:00:03]} 35. Ne4
{[%clk 00:18:15]} {[%emt 00:01:42]} Nxb3 {[%clk 00:31:05]} {[%emt 00:00:05]} 36.
Ra6 {[%clk 00:17:44]} {[%emt 00:01:00]} Rd1+ {[%clk 00:22:21]} {[%emt
00:09:14]} 37. Kf2 {[%clk 00:18:10]} {[%emt 00:00:04]} Ra1 {[%clk 00:22:47]}
{[%emt 00:00:04]} 38. Nxc5 {[%clk 00:15:39]} {[%emt 00:03:01]} Rxa6 {[%clk
00:23:12]} {[%emt 00:00:05]} 39. Nxa6 {[%clk 00:16:06]} {[%emt 00:00:03]} Nd4
{[%clk 00:22:50]} {[%emt 00:00:51]} 40. Ke3 {[%clk 00:46:15]} {[%emt 00:00:21]}
Nf5+ {[%clk 00:51:58]} {[%emt 00:01:23]} 41. Kf4 {[%clk 00:46:35]} {[%emt
00:00:09]} Kg7 {[%clk 00:52:04]} {[%emt 00:00:24]} 42. g3 {[%clk 00:46:48]}
{[%emt 00:00:17]} Nd4 {[%clk 00:51:45]} {[%emt 00:00:50]} 43. Ke4 {[%clk
00:46:20]} {[%emt 00:00:59]} Ne6 {[%clk 00:51:21]} {[%emt 00:00:54]} 44. h4
{[%clk 00:45:11]} {[%emt 00:01:38]} Kf6 {[%clk 00:51:08]} {[%emt 00:00:42]} 45.
f4 {[%clk 00:43:47]} {[%emt 00:01:55]} 1/2-1/2

[Event "OPEN DE MENTON 2023"]
[Site "Palais de l'europe Menton, France"]
[Date "2023.10.27"]
[Round "7.3"]
[White "Yannis, AUBRY 2254"]
[Black "Guillaume, PHILIPPE 2333"]
[Result "0-1"]
[TimeControl "90'+30\"/ 40m + 30' +30\""]
[BlackTitle "IM"]
[WhiteElo "2254"]
[BlackElo "2333"]

1. e4 {[%clk 01:19:40]} {[%emt 00:11:19]} c5 {[%clk 01:30:51]} {[%emt
00:00:09]} 2. d3 {[%clk 01:19:55]} {[%emt 00:00:16]} Nc6 {[%clk 01:30:18]}
{[%emt 00:01:02]} 3. g3 {[%clk 01:20:19]} {[%emt 00:00:06]} d5 {[%clk
01:26:09]} {[%emt 00:04:38]} 4. exd5 {[%clk 01:19:16]} {[%emt 00:01:33]} Qxd5
{[%clk 01:26:15]} {[%emt 00:00:24]} 5. Nf3 {[%clk 01:19:40]} {[%emt 00:00:06]}
Bg4 {[%clk 01:25:40]} {[%emt 00:01:05]} 6. Bg2 {[%clk 01:20:03]} {[%emt
00:00:08]} Nf6 {[%clk 01:20:13]} {[%emt 00:05:58]} 7. Nc3 {[%clk 01:09:09]}
{[%emt 00:11:23]} Qd7 {[%clk 01:19:44]} {[%emt 00:00:57]} 8. h3 {[%clk
01:09:30]} {[%emt 00:00:11]} Bh5 {[%clk 01:20:03]} {[%emt 00:00:11]} 9. g4
{[%clk 01:06:53]} {[%emt 00:03:07]} Bg6 {[%clk 01:20:28]} {[%emt 00:00:05]} 10.
Nh4 {[%clk 01:02:35]} {[%emt 00:04:49]} e6 {[%clk 01:19:28]} {[%emt 00:01:30]}
11. Be3 {[%clk 01:00:18]} {[%emt 00:02:46]} Be7 {[%clk 01:18:18]} {[%emt
00:01:39]} 12. Nxg6 {[%clk 00:57:39]} {[%emt 00:03:10]} hxg6 {[%clk 01:17:15]}
{[%emt 00:01:33]} 13. Qd2 {[%clk 00:55:54]} {[%emt 00:02:15]} Rc8 {[%clk
01:08:55]} {[%emt 00:08:50]} 14. O-O-O {[%clk 00:42:08]} {[%emt 00:14:17]} Nd4
{[%clk 01:06:22]} {[%emt 00:03:01]} 15. g5 {[%clk 00:42:34]} {[%emt 00:00:05]}
Nh5 {[%clk 01:05:38]} {[%emt 00:01:13]} 16. Ne4 {[%clk 00:42:50]} {[%emt
00:00:16]} Rc6 {[%clk 00:52:09]} {[%emt 00:14:00]} 17. Kb1 {[%clk 00:33:47]}
{[%emt 00:09:33]} Ra6 {[%clk 00:48:45]} {[%emt 00:03:53]} 18. b3 {[%clk
00:34:02]} {[%emt 00:00:16]} Qc7 {[%clk 00:45:59]} {[%emt 00:03:10]} 19. c3
{[%clk 00:26:21]} {[%emt 00:08:16]} Nf5 {[%clk 00:45:15]} {[%emt 00:01:14]} 20.
h4 {[%clk 00:25:50]} {[%emt 00:01:02]} O-O {[%clk 00:41:33]} {[%emt 00:04:12]}
21. Bf3 {[%clk 00:24:26]} {[%emt 00:01:54]} b5 {[%clk 00:41:51]} {[%emt
00:00:12]} 22. c4 {[%clk 00:12:36]} {[%emt 00:12:21]} bxc4 {[%clk 00:24:40]}
{[%emt 00:17:41]} 23. dxc4 {[%clk 00:11:34]} {[%emt 00:01:32]} Rb8 {[%clk
00:22:39]} {[%emt 00:02:31]} 24. Nc3 {[%clk 00:11:02]} {[%emt 00:01:02]} Rd6
{[%clk 00:20:13]} {[%emt 00:02:56]} 25. Qc2 {[%clk 00:11:26]} {[%emt 00:00:06]}
a6 {[%clk 00:18:03]} {[%emt 00:02:40]} 26. Rxd6 {[%clk 00:07:16]} {[%emt
00:04:40]} Bxd6 {[%clk 00:17:35]} {[%emt 00:00:58]} 27. Ne4 {[%clk 00:06:28]}
{[%emt 00:01:19]} Nxe3 {[%clk 00:15:02]} {[%emt 00:03:03]} 28. fxe3 {[%clk
00:06:51]} {[%emt 00:00:07]} Be5 {[%clk 00:15:27]} {[%emt 00:00:06]} 29. Rd1
{[%clk 00:03:10]} {[%emt 00:04:11]} a5 {[%clk 00:14:07]} {[%emt 00:01:50]} 30.
Nc3 {[%clk 00:03:12]} {[%emt 00:00:27]} Bxc3 {[%clk 00:14:34]} {[%emt
00:00:03]} 31. Qxc3 {[%clk 00:03:35]} {[%emt 00:00:07]} a4 {[%clk 00:15:00]}
{[%emt 00:00:04]} 32. Bxh5 {[%clk 00:01:09]} {[%emt 00:02:56]} gxh5 {[%clk
00:15:26]} {[%emt 00:00:04]} 33. Kb2 {[%clk 00:00:56]} {[%emt 00:00:43]} axb3
{[%clk 00:14:00]} {[%emt 00:01:56]} 34. axb3 {[%clk 00:01:23]} {[%emt
00:00:03]} Ra8 {[%clk 00:14:27]} {[%emt 00:00:03]} 35. Rd2 {[%clk 00:00:41]}
{[%emt 00:01:12]} Qg3 {[%clk 00:14:38]} {[%emt 00:00:19]} 0-1

[Event "OPEN DE MENTON 2023"]
[Site "Palais de l'europe Menton, France"]
[Date "2023.10.28"]
[Round "8.1"]
[White "Guillaume, PHILIPPE 2333"]
[Black "Marlies, BENSDORP-DE LABACA 2212"]
[Result "1/2-1/2"]
[TimeControl "90'+30\"/ 40m + 30' +30\""]
[WhiteTitle "IM"]
[BlackTitle "WIM"]
[WhiteElo "2333"]
[BlackElo "2212"]

1. Nf3 {[%clk 01:30:43]} {[%emt 00:00:16]} d5 {[%clk 01:30:54]} {[%emt
00:00:07]} 2. c4 {[%clk 01:30:16]} {[%emt 00:00:58]} c6 {[%clk 01:30:59]}
{[%emt 00:00:25]} 3. e3 {[%clk 01:29:10]} {[%emt 00:01:35]} Nf6 {[%clk
01:31:19]} {[%emt 00:00:10]} 4. Nc3 {[%clk 01:29:25]} {[%emt 00:00:15]} e6
{[%clk 01:25:09]} {[%emt 00:06:40]} 5. Qc2 {[%clk 01:26:09]} {[%emt 00:03:45]}
Nbd7 {[%clk 01:25:25]} {[%emt 00:00:15]} 6. b3 {[%clk 01:25:27]} {[%emt
00:01:12]} Bd6 {[%clk 01:25:08]} {[%emt 00:00:47]} 7. Bb2 {[%clk 01:25:16]}
{[%emt 00:00:40]} O-O {[%clk 01:24:11]} {[%emt 00:01:28]} 8. Rc1 {[%clk
01:19:02]} {[%emt 00:06:44]} Qe7 {[%clk 01:22:43]} {[%emt 00:01:58]} 9. Be2
{[%clk 01:16:18]} {[%emt 00:03:13]} a6 {[%clk 01:20:22]} {[%emt 00:02:52]} 10.
d4 {[%clk 01:07:33]} {[%emt 00:09:14]} e5 {[%clk 01:14:48]} {[%emt 00:06:04]}
11. dxe5 {[%clk 01:07:55]} {[%emt 00:00:08]} Nxe5 {[%clk 01:15:12]} {[%emt
00:00:07]} 12. cxd5 {[%clk 01:08:22]} {[%emt 00:00:03]} cxd5 {[%clk 01:15:30]}
{[%emt 00:00:11]} 13. O-O {[%clk 01:08:28]} {[%emt 00:00:24]} Bd7 {[%clk
01:10:56]} {[%emt 00:05:03]} 14. Rfd1 {[%clk 01:05:56]} {[%emt 00:03:01]} Rac8
{[%clk 01:04:21]} {[%emt 00:07:06]} 15. Qb1 {[%clk 01:01:56]} {[%emt 00:04:31]}
Be6 {[%clk 00:58:38]} {[%emt 00:06:14]} 16. Nxe5 {[%clk 00:48:31]} {[%emt
00:13:55]} Bxe5 {[%clk 00:58:06]} {[%emt 00:01:02]} 17. Bf3 {[%clk 00:48:57]}
{[%emt 00:00:04]} Rcd8 {[%clk 00:53:49]} {[%emt 00:04:46]} 18. Ne2 {[%clk
00:47:59]} {[%emt 00:01:27]} Bg4 {[%clk 00:47:07]} {[%emt 00:07:13]} 19. Bxe5
{[%clk 00:47:33]} {[%emt 00:00:56]} Qxe5 {[%clk 00:47:17]} {[%emt 00:00:20]} 20.
Nd4 {[%clk 00:47:38]} {[%emt 00:00:25]} Rd7 {[%clk 00:40:26]} {[%emt 00:07:20]}
21. Bxg4 {[%clk 00:46:50]} {[%emt 00:01:18]} Nxg4 {[%clk 00:40:51]} {[%emt
00:00:05]} 22. Nf3 {[%clk 00:47:14]} {[%emt 00:00:06]} Qe6 {[%clk 00:40:06]}
{[%emt 00:01:13]} 23. h3 {[%clk 00:43:05]} {[%emt 00:04:40]} Nf6 {[%clk
00:40:23]} {[%emt 00:00:14]} 24. Nd4 {[%clk 00:43:22]} {[%emt 00:00:12]} Qe4
{[%clk 00:37:09]} {[%emt 00:03:43]} 25. Rc2 {[%clk 00:42:46]} {[%emt 00:01:06]}
h6 {[%clk 00:35:53]} {[%emt 00:01:47]} 26. Qc1 {[%clk 00:42:14]} {[%emt
00:01:00]} Rfd8 {[%clk 00:35:05]} {[%emt 00:01:19]} 27. b4 {[%clk 00:41:33]}
{[%emt 00:01:11]} Qe7 {[%clk 00:34:33]} {[%emt 00:01:01]} 28. Qb2 {[%clk
00:41:55]} {[%emt 00:00:09]} Ne4 {[%clk 00:34:14]} {[%emt 00:00:50]} 29. Nf3
{[%clk 00:39:27]} {[%emt 00:02:57]} Qf6 {[%clk 00:32:54]} {[%emt 00:01:51]} 30.
Qb3 {[%clk 00:39:26]} {[%emt 00:00:30]} Qe7 {[%clk 00:29:09]} {[%emt 00:04:15]}
31. a4 {[%clk 00:30:59]} {[%emt 00:08:58]} Rd6 {[%clk 00:27:35]} {[%emt
00:02:04]} 32. b5 {[%clk 00:30:22]} {[%emt 00:01:08]} axb5 {[%clk 00:24:55]}
{[%emt 00:03:10]} 33. axb5 {[%clk 00:30:34]} {[%emt 00:00:18]} Kh7 {[%clk
00:20:32]} {[%emt 00:04:53]} 34. Qb4 {[%clk 00:25:24]} {[%emt 00:05:38]} R8d7
{[%clk 00:19:45]} {[%emt 00:01:20]} 35. Rc8 {[%clk 00:24:03]} {[%emt 00:01:50]}
Rc7 {[%clk 00:18:17]} {[%emt 00:01:58]} 36. Rxc7 {[%clk 00:09:47]} {[%emt
00:14:46]} Qxc7 {[%clk 00:18:44]} {[%emt 00:00:04]} 37. Rxd5 {[%clk 00:09:39]}
{[%emt 00:00:38]} Qc1+ {[%clk 00:18:59]} {[%emt 00:00:15]} 38. Kh2 {[%clk
00:10:00]} {[%emt 00:00:08]} Re6 {[%clk 00:18:49]} {[%emt 00:00:41]} 39. Re5
{[%clk 00:10:05]} {[%emt 00:00:25]} Nxf2 {[%clk 00:16:16]} {[%emt 00:03:03]} 40.
Rxe6 {[%clk 00:40:02]} {[%emt 00:00:33]} fxe6 {[%clk 00:46:42]} {[%emt
00:00:04]} 41. Qf4 {[%clk 00:37:23]} {[%emt 00:03:07]} Nd1 {[%clk 00:35:34]}
{[%emt 00:11:41]} 42. Qe4+ {[%clk 00:37:44]} {[%emt 00:00:08]} Kh8 {[%clk
00:35:56]} {[%emt 00:00:08]} 43. Qxe6 {[%clk 00:37:35]} {[%emt 00:00:39]} Nxe3
{[%clk 00:35:45]} {[%emt 00:00:41]} 44. Qe8+ {[%clk 00:38:01]} {[%emt
00:00:05]} Kh7 {[%clk 00:36:09]} {[%emt 00:00:06]} 45. Qe4+ {[%clk 00:38:26]}
{[%emt 00:00:05]} Kh8 {[%clk 00:36:35]} {[%emt 00:00:04]} 46. Qe8+ {[%clk
00:33:28]} {[%emt 00:05:27]} Kh7 {[%clk 00:37:01]} {[%emt 00:00:05]} 47. Qe4+
{[%clk 00:33:45]} {[%emt 00:00:13]} Kh8 {[%clk 00:37:26]} {[%emt 00:00:05]} 48.
Qe8+ {[%clk 00:34:12]} {[%emt 00:00:03]} 1/2-1/2

[Event "OPEN DE MENTON 2023"]
[Site "Palais de l'europe Menton, France"]
[Date "2023.10.28"]
[Round "8.2"]
[White "Oliver, GESING 2119"]
[Black "Clement, KUHN 2338"]
[Result "0-1"]
[TimeControl "90'+30\"/ 40m + 30' +30\""]
[BlackTitle "FM"]
[WhiteElo "2119"]
[BlackElo "2338"]

1. e4 {[%clk 01:30:58]} {[%emt 00:00:01]} e6 {[%clk 01:30:45]} {[%emt
00:00:16]} 2. d4 {[%clk 01:31:22]} {[%emt 00:00:06]} d5 {[%clk 01:31:13]}
{[%emt 00:00:02]} 3. Nc3 {[%clk 01:31:42]} {[%emt 00:00:10]} Nf6 {[%clk
01:31:38]} {[%emt 00:00:05]} 4. Bg5 {[%clk 01:31:55]} {[%emt 00:00:17]} dxe4
{[%clk 01:32:03]} {[%emt 00:00:05]} 5. Nxe4 {[%clk 01:32:18]} {[%emt 00:00:06]}
Be7 {[%clk 01:32:30]} {[%emt 00:00:02]} 6. Bxf6 {[%clk 01:32:31]} {[%emt
00:00:18]} gxf6 {[%clk 01:32:55]} {[%emt 00:00:05]} 7. Nf3 {[%clk 01:32:30]}
{[%emt 00:00:31]} f5 {[%clk 01:33:24]} {[%emt 00:00:01]} 8. Nc3 {[%clk
01:32:48]} {[%emt 00:00:12]} a6 {[%clk 01:33:49]} {[%emt 00:00:04]} 9. g3
{[%clk 01:32:34]} {[%emt 00:00:45]} b5 {[%clk 01:34:15]} {[%emt 00:00:04]} 10.
Bg2 {[%clk 01:32:50]} {[%emt 00:00:13]} Bb7 {[%clk 01:34:39]} {[%emt 00:00:06]}
11. O-O {[%clk 01:31:18]} {[%emt 00:02:01]} O-O {[%clk 01:34:30]} {[%emt
00:00:35]} 12. Ne5 {[%clk 01:27:36]} {[%emt 00:04:17]} Bxg2 {[%clk 01:31:41]}
{[%emt 00:03:19]} 13. Kxg2 {[%emt 00:03:05]} Ra7 {[%clk 01:16:19]} {[%emt
00:12:51]} 14. Re1 {[%clk 01:26:49]} {[%emt 00:01:42]} c5 {[%clk 00:56:57]}
{[%emt 00:19:53]} 15. dxc5 {[%clk 01:23:11]} {[%emt 00:04:08]} Qxd1 {[%clk
00:57:07]} {[%emt 00:00:20]} 16. Raxd1 {[%clk 01:23:25]} {[%emt 00:00:17]} Bxc5
{[%clk 00:57:18]} {[%emt 00:00:19]} 17. Rd3 {[%clk 01:21:35]} {[%emt 00:02:20]}
Rc8 {[%clk 00:56:03]} {[%emt 00:01:45]} 18. Red1 {[%clk 01:20:04]} {[%emt
00:02:02]} Be7 {[%clk 00:55:16]} {[%emt 00:01:16]} 19. R1d2 {[%clk 01:02:43]}
{[%emt 00:17:52]} Nc6 {[%clk 00:49:44]} {[%emt 00:06:02]} 20. Rd7 {[%clk
00:58:12]} {[%emt 00:05:02]} Rxd7 {[%clk 00:45:40]} {[%emt 00:04:34]} 21. Rxd7
{[%clk 00:58:03]} {[%emt 00:00:38]} Nxe5 {[%clk 00:45:24]} {[%emt 00:00:47]} 22.
Rxe7 {[%clk 00:58:24]} {[%emt 00:00:09]} b4 {[%clk 00:41:37]} {[%emt 00:04:17]}
23. Nd1 {[%clk 00:47:10]} {[%emt 00:11:44]} Rxc2 {[%clk 00:41:40]} {[%emt
00:00:27]} 24. Ra7 {[%clk 00:47:11]} {[%emt 00:00:29]} Nd3 {[%clk 00:39:05]}
{[%emt 00:03:04]} 25. Rxa6 {[%clk 00:43:42]} {[%emt 00:04:00]} Rd2 {[%clk
00:39:30]} {[%emt 00:00:04]} 26. Ne3 {[%clk 00:44:07]} {[%emt 00:00:05]} Rxf2+
{[%clk 00:39:58]} {[%emt 00:00:02]} 27. Kg1 {[%clk 00:44:24]} {[%emt 00:00:13]}
Rxb2 {[%clk 00:40:22]} {[%emt 00:00:05]} 28. Nc4 {[%clk 00:44:20]} {[%emt
00:00:34]} Rc2 {[%clk 00:39:25]} {[%emt 00:01:26]} 29. Ne3 {[%clk 00:41:54]}
{[%emt 00:02:57]} Re2 {[%clk 00:39:30]} {[%emt 00:00:24]} 30. Ng2 {[%clk
00:41:06]} {[%emt 00:01:19]} Kg7 {[%clk 00:37:26]} {[%emt 00:02:35]} 31. a4
{[%clk 00:37:25]} {[%emt 00:04:12]} Ra2 {[%clk 00:37:05]} {[%emt 00:00:51]} 32.
Ne3 {[%clk 00:37:17]} {[%emt 00:00:37]} b3 {[%clk 00:37:28]} {[%emt 00:00:07]}
33. Rb6 {[%clk 00:37:21]} {[%emt 00:00:26]} b2 {[%clk 00:37:46]} {[%emt
00:00:11]} 0-1